| 000 | 00609nam a2200229 i 4500 | ||
|---|---|---|---|
| 001 | bgj | ||
| 100 | 1 | _aIRWIN, John L. | |
| 245 | 0 |
_aModern Britain : _ban introduction = third edition / _cJohn L. Irwin. |
|
| 250 | _a3rd ed. | ||
| 260 |
_aLondon; New York : _bRoutledge, _c1994. |
||
| 300 |
_a171, [6] pp ; _c22 cm. |
||
| 500 | _a1st publ. 1976. | ||
| 504 | _aBibliogr. 166-168. | ||
| 505 | _aIncl. index. | ||
| 651 | 9 | _aGreat Britain | |
| 020 | _a0415095638 (pbk) | ||
| 040 | _cBPK | ||
| 041 | 0 | _aeng | |
| 920 | _a0-415-09563-8 (pbk) | ||
| 942 | _cKS | ||
| 008 | s uk f |000 0 eng | ||
| 999 |
_c49255 _d49255 |
||
| 856 |
_uhttp://koha.tu.koszalin.pl/cgi-bin/koha/opac-detail.pl?biblionumber=49255 _yKatalog online BPK |
||